[Event "Ruhrgebiet Regionalliga 1718"]
[Site "Germany"]
[Date "2017.10.22"]
[Round "2.6"]
[White "Klaus, Michael"]
[Black "Schwebel, Markus"]
[Result "1/2-1/2"]
[WhiteElo "1835"]
[BlackElo "2036"]
[PlyCount "83"]
[EventDate "2017.10.01"]
[EventType "team-tourn"]
[EventRounds "9"]
[EventCountry "GER"]
[SourceTitle "EXT 2022"]
[Source "ChessBase"]
[SourceDate "2021.10.06"]
[SourceVersion "1"]
[SourceVersionDate "2021.10.06"]
[SourceQuality "1"]
[WhiteTeam "Hamm Koenigsspringer"]
[BlackTeam "Wattenscheid SV II"]
[WhiteTeamCountry "GER"]
[BlackTeamCountry "GER"]

1. c4 Nf6 2. Nc3 d5 3. cxd5 Nxd5 4. Nf3 g6 5. e3 Bg7 6. d4 c5 7. Qb3 Nxc3 8. bxc3 0-0 9. Ba3 cxd4 10. cxd4 Nc6 11. Rc1 Be6 12. Qb2 Qa5+ 13. Nd2 Rac8 14. Be2 b5 15. Rc5 a6 16. 0-0 Rfd8 17. Nb3 Qa4 18. Bf3 Nb4 19. Bxb4 Qxb4 20. Rxc8 Rxc8 21. Bb7 Rc7 22. Be4 Bc4 23. Rd1 e5 24. dxe5 Bxb3 25. Bf3 Rc3 26. axb3 Bxe5 27. Qa2 a5 28. Bd5 Rd3 29. Qe2 Rxd1+ 30. Qxd1 a4 31. bxa4 bxa4 32. g3 Kg7 33. Qc2 a3 34. Kg2 Bf6 35. Qc7 Qf8 36. Qa7 Be7 37. h4 Bc5 38. Qc7 Bd6 39. Qc3+ f6 40. Qb3 Be7 41. Qc4 Qd8 42. Qb3 1/2-1/2

[Event "Ruhrgebiet Regionalliga 1617"]
[Site "Germany"]
[Date "2016.12.04"]
[Round "4.7"]
[White "Friedrich, Patrick"]
[Black "Schwebel, Markus"]
[Result "1-0"]
[WhiteElo "1972"]
[BlackElo "2058"]
[PlyCount "61"]
[EventDate "2016.09.11"]
[EventType "team-tourn"]
[EventRounds "9"]
[EventCountry "GER"]
[SourceTitle "EXT 2022"]
[Source "ChessBase"]
[SourceDate "2021.10.06"]
[SourceVersion "1"]
[SourceVersionDate "2021.10.06"]
[SourceQuality "1"]
[WhiteTeam "Borbeck Weisse Dame"]
[BlackTeam "Wattenscheid SV II"]
[WhiteTeamCountry "GER"]
[BlackTeamCountry "GER"]

1. d4 Nf6 2. c4 g6 3. Nc3 d5 4. Nf3 Bg7 5. Qb3 dxc4 6. Qxc4 a6 7. e4 b5 8. Qb3 c5 9. dxc5 Nc6 10. Bf4 Be6 11. Qc2 Qa5 12. Bd2 b4 13. Nd1 Rd8 14. Be2 0-0 15. 0-0 Bg4 16. Ne3 Bxf3 17. Bxf3 Nd4 18. Qd1 Nxf3+ 19. gxf3 Qxc5 20. Rc1 Qd4 21. Nc4 Qc5 22. Qe2 a5 23. Be3 Qb5 24. Rc2 Nd7 25. Rd1 Ne5 26. b3 Nxc4 27. Rxc4 Rxd1+ 28. Qxd1 Bc3 29. Kg2 e6 30. Qd6 Be5 31. Qc5 1-0

[Event "Ruhrgebiet Regionalliga 1516"]
[Site "Germany"]
[Date "2015.10.18"]
[Round "2.5"]
[White "Schwebel, Markus"]
[Black "Limbourg, Philipp"]
[Result "1-0"]
[WhiteElo "2043"]
[BlackElo "2165"]
[PlyCount "63"]
[EventDate "2015.09.13"]
[EventType "team-tourn"]
[EventRounds "9"]
[EventCountry "GER"]
[SourceTitle "EXT 2022"]
[Source "ChessBase"]
[SourceDate "2021.10.06"]
[SourceVersion "1"]
[SourceVersionDate "2021.10.06"]
[SourceQuality "1"]
[WhiteTeam "Wattenscheid SV II"]
[BlackTeam "Muelheim Nord III"]
[WhiteTeamCountry "GE2"]
[BlackTeamCountry "GER"]

1. e4 c5 2. c3 g6 3. d4 cxd4 4. cxd4 d5 5. exd5 Nf6 6. Nc3 Bg7 7. Nf3 0-0 8. Bc4 Nbd7 9. 0-0 Nb6 10. Bb3 Nfxd5 11. Re1 Be6 12. Bg5 h6 13. Bh4 Rc8 14. Rc1 Re8 15. Ne5 Nxc3 16. bxc3 Nc4 17. Nxg6 Bf6 18. Bxf6 fxg6 19. Rxe6 exf6 20. Qe2 b5 21. Re1 Rf8 22. a4 Qd5 23. axb5 Qxb5 24. Re7 Kh8 25. Bc2 Qg5 26. Rxa7 Nd6 27. h4 Qxh4 28. Bxg6 Qg5 29. Rh7+ Kg8 30. Qe6+ Nf7 31. Rxf7 Rxf7 32. Qxf7+ 1-0

[Event "Ruhrgebiet Regionalliga 1314"]
[Site "Ruhrgebiet"]
[Date "2014.01.19"]
[Round "5.4"]
[White "Schwebel, Markus"]
[Black "Viebahn, Dirk"]
[Result "0-1"]
[WhiteElo "2056"]
[BlackElo "2136"]
[PlyCount "59"]
[EventDate "2013.09.22"]
[EventType "team-tourn"]
[EventRounds "9"]
[EventCountry "GER"]
[SourceTitle "EXT 2024"]
[Source "ChessBase"]
[SourceDate "2023.10.10"]
[SourceVersion "1"]
[SourceVersionDate "2023.10.10"]
[SourceQuality "1"]
[WhiteTeam "Wattenscheid III"]
[BlackTeam "Borbeck Weisse Dame"]
[WhiteTeamCountry "GER"]
[BlackTeamCountry "GER"]

1. e4 e5 2. Nf3 Nc6 3. Bc4 Nf6 4. d4 exd4 5. 0-0 Nxe4 6. Re1 d5 7. Bxd5 Qxd5 8. Nc3 Qa5 9. Nxe4 Be6 10. Bd2 Qb6 11. Neg5 0-0-0 12. Nxe6 fxe6 13. Ng5 Re8 14. Qg4 h5 15. Qh3 Nd8 16. Bf4 Bc5 17. Re2 Qxb2 18. Rae1 Qxa2 19. c3 Qb3 20. Rc1 Ba3 21. cxd4 Qxh3 22. Rxc7+ Kb8 23. Be5 Nc6 24. Rxc6+ Ka8 25. gxh3 bxc6 26. Bxg7 Rhg8 27. Bf6 Ref8 28. Rxe6 Rxf6 29. Rxf6 Rxg5+ 30. Kf1 0-1

[Event "Ruhrgebiet Regionalliga 1213"]
[Site "Nordrheinwestfalen"]
[Date "2013.04.14"]
[Round "8.6"]
[White "Bree, Thomas"]
[Black "Schwebel, Markus"]
[Result "1-0"]
[WhiteElo "2122"]
[BlackElo "2049"]
[PlyCount "109"]
[EventDate "2012.09.09"]
[EventType "team-tourn"]
[EventRounds "9"]
[EventCountry "GER"]
[SourceTitle "EXT 2020"]
[Source "ChessBase"]
[SourceDate "2019.10.17"]
[SourceVersion "1"]
[SourceVersionDate "2019.10.17"]
[SourceQuality "1"]
[WhiteTeam "Brackel SF"]
[BlackTeam "Wattenscheid SV III"]
[WhiteTeamCountry "GER"]
[BlackTeamCountry "GER"]

1. d4 Nf6 2. Bg5 g6 3. Bxf6 exf6 4. c4 f5 5. e3 Bg7 6. Nc3 0-0 7. g3 c5 8. Nge2 Nc6 9. dxc5 Qa5 10. Bg2 Qxc5 11. Qd5 Qb4 12. Qb5 d5 13. Bxd5 Qxb5 14. cxb5 Nb4 15. 0-0-0 Nxd5 16. Nxd5 Kh8 17. Kb1 Bd7 18. Ndc3 Rfd8 19. Rd2 Be8 20. Rhd1 Rxd2 21. Rxd2 Rc8 22. Nd4 Kg8 23. h4 Kf8 24. Nce2 Ke7 25. Rc2 Rxc2 26. Kxc2 Kd6 27. b4 Kd5 28. Kd3 Bd7 29. Nc3+ Kd6 30. Kc4 h6 31. Kd3 Ke5 32. Nf3+ Kd6 33. Nd4 Ke5 34. f4+ Kd6 35. Kc4 Bh8 36. Kd3 Bg7 37. Kc4 Bh8 38. a4 Bg7 39. Kd3 Bf8 40. Kc4 Bg7 41. Kd3 Bh8 42. Kc4 Bg7 43. a5 Be8 44. b6 axb6 45. axb6 Bc6 46. Nxc6 Bxc3 47. Nd8 Bd2 48. b5 Bxe3 49. Nxb7+ Kd7 50. Nc5+ Kd6 51. b7 Kc7 52. b6+ Kb8 53. Kd5 Bxc5 54. Kxc5 Kxb7 55. Kd6 1-0

[Event "Ruhrgebiet Regionalliga 1112"]
[Site "Nordrheinwestfalen"]
[Date "2012.02.19"]
[Round "7.7"]
[White "Doenges, Dirk"]
[Black "Schwebel, Markus"]
[Result "0-1"]
[WhiteElo "1807"]
[BlackElo "2051"]
[PlyCount "46"]
[EventDate "2011.09.25"]
[EventType "team-tourn"]
[EventRounds "9"]
[EventCountry "GER"]
[SourceTitle "EXT 2020"]
[Source "ChessBase"]
[SourceDate "2019.10.17"]
[SourceVersion "1"]
[SourceVersionDate "2019.10.17"]
[SourceQuality "1"]
[WhiteTeam "Horst Emscher"]
[BlackTeam "Wattenscheid SV III"]
[WhiteTeamCountry "GER"]
[BlackTeamCountry "GER"]

1. e4 e5 2. Nc3 Nf6 3. Bc4 Nxe4 4. Nxe4 d5 5. Bxd5 Qxd5 6. Qf3 Be6 7. d3 Nc6 8. Bg5 Nd4 9. Qd1 f5 10. c3 fxe4 11. cxd4 exd4 12. f4 Bb4+ 13. Kf2 0-0 14. h4 Rae8 15. dxe4 Qxe4 16. Nf3 h6 17. Rc1 hxg5 18. hxg5 Qe3+ 19. Kf1 Rxf4 20. g6 Ref8 21. Rc2 d3 22. Rf2 d2 23. Rh2 Qe1+ 0-1

[Event "Ruhrgebiet Regionalliga 1112"]
[Site "Nordrheinwestfalen"]
[Date "2012.01.15"]
[Round "6.7"]
[White "Schwebel, Markus"]
[Black "Marx, Henning"]
[Result "1/2-1/2"]
[WhiteElo "2051"]
[BlackElo "1933"]
[PlyCount "82"]
[EventDate "2011.09.25"]
[EventType "team-tourn"]
[EventRounds "9"]
[EventCountry "GER"]
[SourceTitle "EXT 2020"]
[Source "ChessBase"]
[SourceDate "2019.10.17"]
[SourceVersion "1"]
[SourceVersionDate "2019.10.17"]
[SourceQuality "1"]
[WhiteTeam "Wattenscheid SV III"]
[BlackTeam "Hattingen"]
[WhiteTeamCountry "GER"]
[BlackTeamCountry "GER"]

1. e4 d5 2. exd5 Qxd5 3. d4 Nc6 4. Nc3 Qxd4 5. Be3 Qxd1+ 6. Rxd1 Bd7 7. Nb5 0-0-0 8. Nxa7+ Nxa7 9. Bxa7 e5 10. Nf3 f6 11. Be2 Ne7 12. 0-0 Nc6 13. Be3 Be7 14. c3 Be6 15. a4 Rxd1 16. Rxd1 Rd8 17. b4 Bg4 18. h3 Bh5 19. g4 Bf7 20. Rxd8+ Nxd8 21. a5 Be6 22. Kf1 Nf7 23. Ke1 Nd6 24. Nd2 g6 25. Bc5 Kd7 26. Bf3 c6 27. Be2 f5 28. f3 Bf6 29. Kd1 Bg5 30. Kc2 h5 31. Kd3 hxg4 32. hxg4 fxg4 33. Bxd6 Bxd2 34. Bxe5 gxf3 35. Bxf3 Be1 36. Bf4 Bh4 37. Kd4 g5 38. Be3 g4 39. Bg2 Bf6+ 40. Kd3 Bf5+ 41. Kd2 Be6 1/2-1/2

[Event "Ruhrgebiet Regionalliga 1112"]
[Site "Nordrheinwestfalen"]
[Date "2011.12.18"]
[Round "5.7"]
[White "Schwebel, Markus"]
[Black "Wagner, Ralf"]
[Result "1/2-1/2"]
[WhiteElo "2051"]
[BlackElo "1932"]
[PlyCount "54"]
[EventDate "2011.09.25"]
[EventType "team-tourn"]
[EventRounds "9"]
[EventCountry "GER"]
[SourceTitle "EXT 2020"]
[Source "ChessBase"]
[SourceDate "2019.10.17"]
[SourceVersion "1"]
[SourceVersionDate "2019.10.17"]
[SourceQuality "1"]
[WhiteTeam "Wattenscheid SV III"]
[BlackTeam "Ahlen SV"]
[WhiteTeamCountry "GER"]
[BlackTeamCountry "GER"]

1. e4 c5 2. c3 Nf6 3. e5 Nd5 4. d4 cxd4 5. Nf3 Nb6 6. cxd4 d5 7. exd6 Qxd6 8. Nc3 Bd7 9. Bd3 g6 10. 0-0 Bg7 11. Bg5 f5 12. Re1 Bf6 13. Qb3 Bxg5 14. Nxg5 Qf6 15. Ne6 Bxe6 16. Rxe6 Qxd4 17. Nb5 Qd7 18. Rae1 Nc6 19. Nd6+ Kf8 20. Qc3 Kg8 21. Nxb7 Qxb7 22. Rxc6 Rc8 23. Rxb6 axb6 24. Bc4+ Rxc4 25. Qxc4+ Kf8 26. Qd4 Rg8 27. Qd8+ Kf7 1/2-1/2

[Event "Ruhrgebiet Verbandsliga1 1011"]
[Site "Nordrheinwestfalen"]
[Date "2011.02.06"]
[Round "6.2"]
[White "Rottstaedt, Werner"]
[Black "Schwebel, Markus"]
[Result "1-0"]
[WhiteElo "2097"]
[BlackElo "2051"]
[PlyCount "69"]
[EventDate "2011.09.12"]
[EventType "team-tourn"]
[EventRounds "9"]
[EventCountry "GER"]
[SourceTitle "EXT 2020"]
[Source "ChessBase"]
[SourceDate "2019.10.17"]
[SourceVersion "1"]
[SourceVersionDate "2019.10.17"]
[SourceQuality "1"]
[WhiteTeam "Muelheim SC"]
[BlackTeam "Wattenscheid SV"]
[WhiteTeamCountry "GER"]
[BlackTeamCountry "GER"]

1. d4 Nf6 2. Nf3 g6 3. c4 Bg7 4. Nc3 d5 5. e3 0-0 6. Qb3 dxc4 7. Bxc4 c5 8. d5 Bf5 9. Nd2 g5 10. Qxb7 Nbd7 11. e4 Bg6 12. 0-0 Ne5 13. Re1 a6 14. Bf1 Qd6 15. Qb3 Nfg4 16. h3 c4 17. Qc2 Nf6 18. Nxc4 Nxc4 19. Bxc4 g4 20. e5 Qc5 21. Qe2 Nd7 22. Be3 Qc7 23. Bf4 Qb6 24. hxg4 a5 25. Bg3 Rab8 26. Bb5 Nc5 27. Rad1 Rbd8 28. a4 Nb3 29. d6 exd6 30. Rxd6 Rxd6 31. exd6 Nd4 32. Qe3 Rd8 33. d7 Bf6 34. Nd5 Qd6 35. Bxd6 1-0

[Event "Ruhrgebiet Verbandsliga1 1011"]
[Site "Nordrheinwestfalen"]
[Date "2010.11.14"]
[Round "3.3"]
[White "Schwebel, Markus"]
[Black "Jellinghaus, Lars"]
[Result "1/2-1/2"]
[WhiteElo "2051"]
[BlackElo "2084"]
[PlyCount "35"]
[EventDate "2011.09.12"]
[EventType "team-tourn"]
[EventRounds "9"]
[EventCountry "GER"]
[SourceTitle "EXT 2020"]
[Source "ChessBase"]
[SourceDate "2019.10.17"]
[SourceVersion "1"]
[SourceVersionDate "2019.10.17"]
[SourceQuality "1"]
[WhiteTeam "Wattenscheid SV"]
[BlackTeam "Bochum-Linden-Dahlhausen"]
[WhiteTeamCountry "GER"]
[BlackTeamCountry "GER"]

1. e4 e6 2. d4 d5 3. e5 c5 4. dxc5 Nc6 5. Nf3 Bxc5 6. Bd3 f6 7. Qe2 fxe5 8. Nxe5 Nf6 9. Bf4 Qb6 10. 0-0 Qxb2 11. Nxc6 bxc6 12. Nd2 Qb7 13. Nb3 Be7 14. Nd4 Qd7 15. Nxc6 0-0 16. Nxe7+ Qxe7 17. Rab1 Bd7 18. Be5 1/2-1/2

[Event "Ruhrgebiet Regionalliga 0910"]
[Site "Germany"]
[Date "2010.02.21"]
[Round "7.4"]
[White "Schwebel, Markus"]
[Black "Karger, Frank"]
[Result "1-0"]
[WhiteElo "2174"]
[BlackElo "2253"]
[PlyCount "53"]
[EventDate "2009.09.06"]
[EventType "team-tourn"]
[EventRounds "9"]
[EventCountry "GER"]
[SourceTitle "EXT 2011"]
[Source "ChessBase"]
[SourceDate "2010.11.26"]
[SourceVersion "1"]
[SourceVersionDate "2010.11.26"]
[SourceQuality "1"]
[WhiteTeam "Wattenscheid III"]
[BlackTeam "Dortmund Hansa II"]
[WhiteTeamCountry "GER"]
[BlackTeamCountry "GER"]

1. e4 c5 2. c3 d5 3. exd5 Qxd5 4. d4 Nc6 5. dxc5 Qxd1+ 6. Kxd1 Bf5 7. Be3 e6 8. Nf3 Nf6 9. Bb5 Ng4 10. b4 0-0-0+ 11. Ke2 Be7 12. Nbd2 a6 13. Bc4 Bf6 14. Rac1 Rd7 15. h3 Nxe3 16. fxe3 Rhd8 17. Rhd1 e5 18. e4 Bg6 19. Bd5 Ne7 20. Nc4 Nxd5 21. exd5 Re7 22. a4 Kb8 23. d6 Ree8 24. b5 axb5 25. axb5 e4 26. Nd4 Bg5 27. Ra1 1-0

[Event "Ruhrgebiet Regionalliga 0910"]
[Site "Germany"]
[Date "2009.11.08"]
[Round "3.4"]
[White "Wagner, Norbert"]
[Black "Schwebel, Markus"]
[Result "1-0"]
[WhiteElo "2114"]
[BlackElo "2174"]
[PlyCount "81"]
[EventDate "2009.09.06"]
[EventType "team-tourn"]
[EventRounds "9"]
[EventCountry "GER"]
[SourceTitle "EXT 2011"]
[Source "ChessBase"]
[SourceDate "2010.11.26"]
[SourceVersion "1"]
[SourceVersionDate "2010.11.26"]
[SourceQuality "1"]
[WhiteTeam "Hamm Koenigsspringer"]
[BlackTeam "Wattenscheid III"]
[WhiteTeamCountry "GER"]
[BlackTeamCountry "GER"]

1. d4 Nf6 2. Nf3 g6 3. c3 Bg7 4. Bf4 0-0 5. Nbd2 d5 6. e3 c5 7. Be2 Nc6 8. h3 Qb6 9. Qb3 Qxb3 10. axb3 cxd4 11. exd4 Re8 12. 0-0 Bf5 13. b4 Ne4 14. g4 Nxd2 15. Nxd2 Be6 16. Rfe1 f6 17. b5 Nd8 18. b6 Nc6 19. Bb5 Bd7 20. Bxc6 Bxc6 21. bxa7 e5 22. Be3 h5 23. Nb3 hxg4 24. hxg4 Kh7 25. Kg2 f5 26. gxf5 gxf5 27. f3 Rg8 28. Rh1+ Kg6 29. dxe5 Bxe5 30. Kf2 Kf7 31. Rh7+ Kg6 32. Rah1 Bg7 33. R7h5 f4 34. Bb6 Kf6 35. Nd4 Kg6 36. Ne6 d4 37. Nxg7 Rxg7 38. Bxd4 Rd7 39. Rh6+ Kf7 40. Rf6+ Ke7 41. Rh7+ 1-0

[Event "Dresden ZMD op"]
[Site "Dresden"]
[Date "2008.07.24"]
[Round "6"]
[White "Uhlmann, David"]
[Black "Schwebel, Markus"]
[Result "0-1"]
[WhiteElo "1987"]
[BlackElo "2169"]
[PlyCount "40"]
[EventDate "2008.07.19"]
[EventType "swiss"]
[EventRounds "9"]
[EventCountry "GER"]
[SourceTitle "CBM 125 Extra"]
[Source "ChessBase"]
[SourceDate "2008.09.01"]
[SourceVersion "1"]
[SourceVersionDate "2008.09.01"]
[SourceQuality "1"]

1. d4 Nf6 2. c4 g6 3. Nc3 d5 4. Nf3 Bg7 5. Bg5 c6 6. e3 0-0 7. Bd3 dxc4 8. Bxc4 Nbd7 9. 0-0 c5 10. dxc5 Qa5 11. c6 bxc6 12. Rc1 Rb8 13. Bb3 Ba6 14. Re1 Nc5 15. Bxf6 Bxf6 16. Nd4 Rfc8 17. Qf3 Qb6 18. Na4 Nxa4 19. Bxa4 c5 20. Nc6 Bb7 0-1

[Event "Ruhrgebiet VL2 0708"]
[Site "Germany"]
[Date "2008.04.27"]
[Round "9.6"]
[White "Schwebel, Markus"]
[Black "Jaring, Thorsten"]
[Result "1-0"]
[WhiteElo "2176"]
[BlackElo "1953"]
[PlyCount "95"]
[EventDate "2007.09.02"]
[EventType "team"]
[EventRounds "9"]
[EventCountry "GER"]
[SourceTitle "EXT 2009"]
[Source "ChessBase"]
[SourceDate "2008.11.26"]
[SourceVersion "1"]
[SourceVersionDate "2008.11.26"]
[SourceQuality "1"]
[WhiteTeam "Wattenscheid III"]
[BlackTeam "Laeufer Ost"]
[WhiteTeamCountry "GER"]
[BlackTeamCountry "GER"]

1. e4 d5 2. exd5 Qxd5 3. d4 Nc6 4. Nc3 Qxd4 5. Be3 Qxd1+ 6. Rxd1 Bd7 7. Nb5 Kd8 8. Nf3 f6 9. Bc4 Kc8 10. Nfd4 Nxd4 11. Nxd4 e5 12. Ne6 Nh6 13. 0-0 Nf5 14. Bd2 Nd6 15. Bb3 a5 16. f4 exf4 17. Bxf4 Bxe6 18. Bxe6+ Kb8 19. c4 Be7 20. Rfe1 f5 21. Be5 Ne4 22. Bxg7 Bc5+ 23. Kf1 Re8 24. Bxf5 Re7 25. Bd4 Rf7 26. g4 Bxd4 27. Rxd4 Nd6 28. Rf4 Ka7 29. Kg2 Rg8 30. Kg3 h5 31. h3 hxg4 32. hxg4 Rb8 33. c5 Ne8 34. Rfe4 Ng7 35. Re7 Rbf8 36. Rxf7 Rxf7 37. Kf4 Ka6 38. Kg5 Kb5 39. Kg6 Nxf5 40. Kxf7 Nh6+ 41. Ke7 Nxg4 42. Kd7 Kxc5 43. Kxc7 b5 44. Re4 Nf6 45. Re5+ Kc4 46. Kc6 Kb4 47. Rxb5+ Ka4 48. b3+ 1-0

[Event "Ruhrgebiet VL2 0708"]
[Site "Germany"]
[Date "2008.03.09"]
[Round "7.6"]
[White "Schwebel, Markus"]
[Black "Schneider, Hans Joachim"]
[Result "1-0"]
[WhiteElo "2176"]
[BlackElo "1854"]
[PlyCount "64"]
[EventDate "2007.09.02"]
[EventType "team"]
[EventRounds "9"]
[EventCountry "GER"]
[SourceTitle "EXT 2009"]
[Source "ChessBase"]
[SourceDate "2008.11.26"]
[SourceVersion "1"]
[SourceVersionDate "2008.11.26"]
[SourceQuality "1"]
[WhiteTeam "Wattenscheid III"]
[BlackTeam "Bottrop"]
[WhiteTeamCountry "GER"]
[BlackTeamCountry "GER"]

1. e4 c5 2. c3 d5 3. exd5 Qxd5 4. d4 Nf6 5. Nf3 Nc6 6. Na3 Bg4 7. Be2 Nxd4 8. Nb5 Rc8 9. Nfxd4 cxd4 10. cxd4 g6 11. Qa4 Nd7 12. h3 Bf5 13. 0-0 Bg7 14. Qxa7 0-0 15. Qa4 Rc2 16. Bd1 Rc4 17. Bb3 Rxa4 18. Bxd5 Rb4 19. b3 Bd3 20. Ba3 Rxb5 21. Rad1 Rxd5 22. Rxd3 Re8 23. Re1 e6 24. Bb4 Ra8 25. a3 Nb8 26. Red1 Nc6 27. Bc5 Rad8 28. R3d2 e5 29. Bb4 R8d7 30. dxe5 Rxd2 31. Rxd2 Rxd2 32. Bxd2 Bxe5 1-0

[Event "Ruhrgebiet Regionalliga 0405"]
[Site "Ruhrgebiet"]
[Date "2005.04.17"]
[Round "9.4"]
[White "Schwebel, Markus"]
[Black "Graeber, Ralf"]
[Result "0-1"]
[WhiteElo "2085"]
[BlackElo "2137"]
[PlyCount "82"]
[EventDate "2004.09.19"]
[EventType "team"]
[EventRounds "9"]
[EventCountry "GER"]
[SourceTitle "EXT 2006"]
[Source "ChessBase"]
[SourceDate "2005.11.24"]
[SourceVersion "1"]
[SourceVersionDate "2005.11.24"]
[SourceQuality "1"]
[WhiteTeam "Wattenscheid III"]
[BlackTeam "Muelheim Nord II"]
[WhiteTeamCountry "GER"]
[BlackTeamCountry "GER"]

1. e4 c5 2. c3 g6 3. d4 Bg7 4. Be3 Nf6 5. f3 cxd4 6. cxd4 0-0 7. Nc3 d5 8. e5 Ne8 9. Bd3 Nc6 10. Nge2 Nc7 11. 0-0 Be6 12. Qd2 Qd7 13. Rad1 Bf5 14. Bxf5 Qxf5 15. f4 f6 16. h3 Qd7 17. Kh2 Rad8 18. g4 fxe5 19. fxe5 Rxf1 20. Rxf1 Ne6 21. Nf4 Nxf4 22. Rxf4 Nxe5 23. dxe5 Bxe5 24. Bd4 Bb8 25. Kh1 e5 26. Rf3 exd4 27. Qxd4 Qd6 28. Qf2 Re8 29. Ne2 Bc7 30. h4 d4 31. Rd3 Rf8 32. Qg2 Rf1+ 33. Ng1 Re1 34. h5 Re3 35. Rxe3 dxe3 36. hxg6 hxg6 37. Qe2 Qg3 38. Qg2 Qh4+ 39. Nh3 Kh8 40. Kg1 Qe1+ 41. Qf1 Qg3+ 0-1

[Event "Ruhrgebiet Regionalliga 0405"]
[Site "Ruhrgebiet"]
[Date "2005.02.27"]
[Round "7.5"]
[White "Wieder, Heiner"]
[Black "Schwebel, Markus"]
[Result "1/2-1/2"]
[WhiteElo "2049"]
[BlackElo "2085"]
[PlyCount "120"]
[EventDate "2004.09.19"]
[EventType "team"]
[EventRounds "9"]
[EventCountry "GER"]
[SourceTitle "EXT 2006"]
[Source "ChessBase"]
[SourceDate "2005.11.24"]
[SourceVersion "1"]
[SourceVersionDate "2005.11.24"]
[SourceQuality "1"]
[WhiteTeam "Oberhausen"]
[BlackTeam "Wattenscheid III"]
[WhiteTeamCountry "GER"]
[BlackTeamCountry "GER"]

1. e4 e5 2. Nf3 Nf6 3. Nxe5 d6 4. Nf3 Nxe4 5. d4 d5 6. Bd3 Bg4 7. 0-0 Bd6 8. c4 0-0 9. cxd5 f5 10. h3 Bh5 11. Nc3 Qe8 12. Qe2 Nd7 13. Nxe4 fxe4 14. Qxe4 Nf6 15. Qxe8 Raxe8 16. Bd2 Bxf3 17. gxf3 Nxd5 18. Rfe1 Rd8 19. Rac1 c6 20. Be4 Bf4 21. Be3 Bb8 22. Rc5 Bd6 23. Rc4 Bb8 24. Kf1 a6 25. Bg5 Rd7 26. Be3 Ba7 27. h4 Ne7 28. Rd1 Nf5 29. h5 Nd6 30. Rc2 Re8 31. Bd3 Rf8 32. d5 Bxe3 33. dxc6 Rdf7 34. fxe3 Rxf3+ 35. Kg2 bxc6 36. Bxa6 Ne4 37. Rd4 Rxe3 38. Bc4+ Kh8 39. a4 g6 40. hxg6 hxg6 41. Rd3 Re1 42. Rf3 Ra8 43. b3 Kg7 44. Rf7+ Kh6 45. Bd3 Rd8 46. Bxe4 Rxe4 47. Rxc6 Re2+ 48. Rf2 Re3 49. Rb6 Rdd3 50. b4 Ra3 51. a5 Reb3 52. a6 Ra4 53. b5 Ra5 54. Rb7 Raxb5 55. Rxb5 Rxb5 56. Ra2 Rb8 57. a7 Ra8 58. Kf3 Kg5 59. Ke4 Kg4 60. Kd5 g5 1/2-1/2